00266nam a2200085Ia 4500008004100000041000800041100001900049245007500068260003700143241105s9999 xx 000 0 und d aeng aGoswami Ragini aReducing Environmental Impact by Use of Alternative Building Materials bM.Arch Environmental, Punec2012